000 00688nam a2200289Ia 4500
005 20260324141655.0
008 008 260324s9999 xx 000 0 eng d
020 _a9780429501234
037 _aEBOOK
040 _aCRL
040 _beng
040 _cCRL
041 _2eng
041 _aeng
084 _qCRL
100 _aTeresa M Amabile
_91209073
245 0 _aCreativity In Context
245 0 _bUpdate To The Social Psychology Of Creativity
260 _bTaylor and Francis
260 _c1996
365 _a
365 _b205
856 _uhttp://www.taylorfrancis.com/books/9780429501234
942 _cEBOOK
999 _c1812424
_d1812424